000 00419nam a2200145Ia 4500
008 210716s1987 xx 000 0 und d
041 _aeng
082 _a005.134 TOWC
100 _aTownsend, Carl.
245 _aMastering dbase lll plus: a structured approach.
_bStructured approach.
250 _a1
260 _aNew Delhi
_bBPB Publications
_c1987
300 _axviii,342
650 _aProgramming Languages(005.13)
999 _c181474
_d181474